Teuerste Länder der Welt - Statistiken

Allgemein
  • Dieses Quiz wurde 318 mal gespielt
  • Das Durchschnittsergebnis liegt bei 17 aus 25
Antwortstatistiken
Platz Land Index % Korrekt
22. Vereinigte Staaten 70,1
96%
1. Schweiz 123,4
91%
16. Finnland 73,2
88%
2. Norwegen 100,9
88%
19. Schweden 71,7
88%
11. Japan 77
87%
21. Kanada 70,2
86%
6. Dänemark 84,1
84%
15. Frankreich 74,1
81%
9. Luxemburg 80,5
81%
20. Österreich 71
81%
10. Australien 77,8
80%
13. Niederlande 75,7
79%
18. Belgien 72,6
78%
23. Vereinigtes Königreich 69,7
78%
3. Island 94,9
75%
12. Irland 76,1
72%
14. Neuseeland 74,5
72%
16. Südkorea 73,2
72%
7. Singapur 84
60%
25. Malta 67,8
45%
5. Israel 88,1
38%
7. Bahamas 84
21%
4. Barbados 92,4
16%
24. Libanon 69,6
9%
Keine übereinstimmenden Quizze gefunden
Verteilung der Resultate
Anzahl Personen mit jedem Resultat
Perzentil nach korrekt beantworteten Fragen
Ihre Resultats-Entwicklung
Sie haben dieses Quiz noch nicht gespielt